000
00353pab a2200157 454500
008
180718b2015 xxu||||| |||| 00| 0 eng d
100
_a
Chidambaram, R.M.
245
_a
Commercialisation of agriculture
260
_c
2015
300
_a
p.7-8.
362
_a
Jan
650
_a
Agriculture
773
_a
Kurukshetra
908
_a
N
909
_a
106826
999
_c
106821
_d
106821